|
|
|
|
| LEADER |
00000nab a2200000 a 4500 |
| 001 |
vtls000859244 |
| 003 |
SK-MaSNL |
| 005 |
20260304121949.0 |
| 008 |
250429c2003 xo 0 slo |
| 015 |
|
|
|a SNBRB2004/01-01728
|
| 035 |
|
|
|a CLN000210883
|
| 035 |
|
|
|a urn:nbn:sk:snk-ab7hdf
|
| 035 |
|
|
|a (urnnbn)urn:nbn:sk:snk:ar-005siy
|
| 035 |
|
|
|a (uuid)92f3d910-1803-4444-a0b8-76fc31fe6eea
|
| 040 |
|
|
|a SNKBUCL
|b slo
|c SNKBUCL
|e AACR2
|
| 041 |
0 |
|
|a slo
|
| 044 |
|
|
|a xo
|c SK
|
| 080 |
|
|
|a 930.251
|2 1997
|
| 100 |
1 |
|
|a Horvat, František,
|d 1947-2005
|4 aut
|9 199987
|
| 245 |
1 |
0 |
|a Dánsky Aarhus zaodetý do zvuku a obrazu
|c Fero Horvat
|
| 610 |
2 |
7 |
|a Medzinárodná asociácia audiovizuálnych archívov.
|b Výročná konferencia
|d (2002)
|2 snkbucl
|9 1427353
|
| 650 |
0 |
7 |
|a archívne dokumenty
|2 snkbucl
|9 78548
|
| 650 |
0 |
7 |
|a audiovizuálne archívy
|2 snkbucl
|9 164791
|
| 650 |
0 |
7 |
|a digitalizácia dokumentov
|2 snkbucl
|9 64481
|
| 655 |
|
7 |
|a články z novín a časopisov
|2 snkbucl
|9 267496
|
| 773 |
0 |
|
|t Slovenská archivistika
|g Roč. 38, č. 2 (2003), s. 197-202
|x 0231-6722
|
| 850 |
|
|
|a Slovenská národná knižnica
|
| 852 |
|
|
|a Slovenská národná knižnica
|
| 954 |
|
|
|a odborná, vedecká literatúra pôvodná (slovenská)
|2 lita
|
| 958 |
|
|
|a article7
|
| 958 |
|
|
|a DK
|
| 958 |
|
|
|a OND
|
| 958 |
|
|
|a EUIPO
|
| 992 |
|
|
|a RBX
|
| 999 |
|
|
|c 2887828
|d 2889758
|